Normal view
MARC view
- Obesity.
Entry Topical Term
001 - CONTROL NUMBER
- control field: 42634
003 - CONTROL NUMBER IDENTIFIER
- control field: OSt
005 - DATE AND TIME OF LATEST TRANSACTION
- control field: 20201127142522.0
008 - FIXED-LENGTH DATA ELEMENTS
- fixed length control field: 201127|| aca||aabn | a|a d
040 ## - CATALOGING SOURCE
- Original cataloging agency: OSt
- Transcribing agency: OSt
150 ## - HEADING--TOPICAL TERM
- Topical term or geographic name entry element: Obesity.
670 ## - SOURCE DATA FOUND
- Source citation: Work cat.: (OSt): 42630, What is the potential of physical education controlling overweight and obesity/, ©Sept 2015-Apr 2016.
